Album názorných pomůcek pro výuku vojenské psychologie

Gespeichert in:
Bibliographische Detailangaben
Format: Buch
Sprache:Tschechisch
Veröffentlicht: Bratislava Vojenská politická akadémia Klementa Gottwalda 1979
Tags: Tag hinzufügen
Keine Tags, Fügen Sie das erste Tag hinzu!

MARC

LEADER 00000nam a2200000 4500
001 0222111
005 20240822101700.3
041 0 |a cze 
044 |a SK 
245 1 0 |a Album názorných pomůcek pro výuku vojenské psychologie 
264 1 |a Bratislava  |b Vojenská politická akadémia Klementa Gottwalda  |c 1979 
300 |a 72 s.